000 01467cab a2200277 4500
001 ABS58075
008 090401t1997 xxu||||| |||| 00| 0 eng d
035 _a(Sirsi) u82774
041 _aeng
245 _aAssociated Newspapers Property Ltd and another v Master and Wardens and Brethren and Sisters of the Guild or Fraternitynof the Blessed Mary the Virgin of the Mystery of Drapers in the City of London
260 _c1997
350 _a0
490 _aEstates Gazette
_v[1997] 50 EG 84-87(4)
520 _aCA 24 February 1997. K held an equity sharing headlease from appellant landlords M. K granted an underlease to H and later sold the headlease to Y, the underlease acquired by a company who held it in trust for the second plaintiff. The group of companies to which the plaintiffs belonged sought to merge the headlease with the underlease in order to terminate rent liability under the underlease and reduce rent on the headlease. M`s appeal against an earlier decision that this process did not constitute a breach of covenant of the headlease was dismissed.
650 _aASSIGNMENT OF LEASES
650 _aASSOCIATED NEWSPAPERS PROPERTY LTD AND ANOTHER V MASTER WARDENS ETC
650 _aBREACH OF COVENANT
650 _aEQUITY SHARING
650 _aHEADLEASE
650 _aLEASES
650 _aTERMS OF LEASE
650 _aUNDERLEASE
690 _aLANDLORD AND TENANT-CASE LAW-BUSINESS TENANCIES
942 _n0
948 _c18/12/1997
999 _c52280
_d52280